000
00209nam a22000857a 4500
008
160713b xxu||||| |||| 00| 0 eng d
100
_9
2816
_a
Egmont
245
_a
Prisoners of the Sun
260
_a
USA
_b
Macmillan
_c
2009
999
_c
2410
_d
2410